00377nam a2200121Ia 4500008004100000100001600041245005100057260002300108260000900131546001200140999001700152952008600169170619s9999 xx 000 0 und d aPillai- S.K 0aAnalysis of Thyristor Power Conditioned Motors bUNIVERSITIES PRESS c2010 aENGLISH c21369d21369 00102ddc4070a06b06d2013-01-01e3l0p06-B-61800r2017-07-03w2017-07-03y01